HANDBOOK OF DESIGN THINKING (Record no. 1207708)

MARC details
000 -LEADER
fixed length control field 00471nam a2200181Ia 4500
008 - FIXED-LENGTH DATA ELEMENTS--GENERAL INFORMATION
fixed length control field 250108s2018 xx 000 0 und d
020 ## - INTERNATIONAL STANDARD BOOK NUMBER
International Standard Book Number 9781790435371
041 ## - LANGUAGE CODE
Language code of text/sound track or separate title eng
082 ## - DEWEY DECIMAL CLASSIFICATION NUMBER
Classification number 658.4
100 ## - MAIN ENTRY--PERSONAL NAME
Personal name Roterberg christian Mueller
245 ## - TITLE STATEMENT
Title HANDBOOK OF DESIGN THINKING
260 ## - PUBLICATION, DISTRIBUTION, ETC.
Name of publisher, distributor, etc. CPSIA Information
Date of publication, distribution, etc. 2018
300 ## - PHYSICAL DESCRIPTION
Extent 216P
365 ## - TRADE PRICE
Price amount 1800
Currency code Rs.
Unit of pricing 3600
500 ## - GENERAL NOTE
General note PB
650 ## - SUBJECT ADDED ENTRY--TOPICAL TERM
Topical term or geographic name entry element Handbook of Design Thinking
700 ## - ADDED ENTRY--PERSONAL NAME
Personal name Rotererg Christian Mueller
Holdings
Withdrawn status Lost status Damaged status Not for loan Home library Current library Date acquired Cost, normal purchase price Total Checkouts Full call number Barcode Date last seen Cost, replacement price Price effective from Koha item type
        Abhijit Kadam Institute of Management & Social Science, Solapur Abhijit Kadam Institute of Management & Social Science, Solapur 26/11/2024 3600.00   658.4 ROT AKS-C-04645 13/01/2025 3420.00 13/01/2025 Book